हिन्दी भाषा कम्प्यूटरी प्रयोग एवं समस्याएॅ (Record no. 57091)
[ view plain ]
| 000 -LEADER | |
|---|---|
| fixed length control field | 00589nam a22001577a 4500 |
| 003 - CONTROL NUMBER IDENTIFIER | |
| control field | macl |
| 005 - DATE AND TIME OF LATEST TRANSACTION | |
| control field | 20171025125416.0 |
| 008 - FIXED-LENGTH DATA ELEMENTS--GENERAL INFORMATION | |
| fixed length control field | 171025b xxu||||| |||| 00| 0 eng d |
| 040 ## - CATALOGING SOURCE | |
| Transcribing agency | macl |
| 082 ## - DEWEY DECIMAL CLASSIFICATION NUMBER | |
| Classification number | 004 |
| 100 ## - MAIN ENTRY--PERSONAL NAME | |
| Personal name | डॉ. मो. मजीद मिया |
| 9 (RLIN) | 69327 |
| 245 ## - TITLE STATEMENT | |
| Title | हिन्दी भाषा कम्प्यूटरी प्रयोग एवं समस्याएॅ |
| 260 ## - PUBLICATION, DISTRIBUTION, ETC. (IMPRINT) | |
| Place of publication, distribution, etc. | दिल्ली |
| Name of publisher, distributor, etc. | ज्ञान गीता प्रकाशन |
| Date of publication, distribution, etc. | 2016 |
| 650 ## - SUBJECT ADDED ENTRY--TOPICAL TERM | |
| Topical term or geographic name as entry element | भाषा विज्ञान |
| 9 (RLIN) | 50429 |
| 942 ## - ADDED ENTRY ELEMENTS (KOHA) | |
| Source of classification or shelving scheme | |
| Koha item type | Hindi Books |
| Withdrawn status | Lost status | Source of classification or shelving scheme | Damaged status | Not for loan | Home library | Current library | Date acquired | Cost, normal purchase price | Total Checkouts | Full call number | Barcode | Date last seen | Price effective from | Koha item type |
|---|---|---|---|---|---|---|---|---|---|---|---|---|---|---|
| MACL | MACL | 25/10/2017 | 495.00 | 004 | CRH033279 | 25/10/2017 | 25/10/2017 | Hindi Books |









